Showrooms (Record no. 13431)
[ view plain ]
| 000 -CABECERA | |
|---|---|
| campo de control de longitud fija | 00506nam a2200205 4500 |
| 003 - IDENTIFICADOR DEL NÚMERO DE CONTROL | |
| campo de control | OSt |
| 005 - FECHA Y HORA DE LA ÚLTIMA TRANSACCIÓN | |
| campo de control | 20260530115312.0 |
| 008 - DATOS DE LONGITUD FIJA--INFORMACIÓN GENERAL | |
| campo de control de longitud fija | 260507b2001 |||a|||| |||| 001 0 eng d |
| 020 ## - NÚMERO INTERNACIONAL ESTÁNDAR DEL LIBRO | |
| Número Internacional Estándar del Libro | 3823854968 |
| 040 ## - FUENTE DE LA CATALOGACIÓN | |
| Centro catalogador/agencia de origen | ICI |
| Lengua de catalogación | spa |
| Centro/agencia transcriptor | ICI |
| 050 ## - SIGNATURA TOPOGRÁFICA DE LA BIBLIOTECA DEL CONGRESO | |
| Número de clasificación | NA2850 |
| Número de documento/Ítem | S56 |
| 100 1# - ENTRADA PRINCIPAL--NOMBRE DE PERSONA | |
| Nombre de persona | Boschi, Antonello |
| 9 (RLIN) | 33046 |
| 245 10 - MENCIÓN DE TÍTULO | |
| Título | Showrooms |
| 264 #1 - PRODUCCIÓN, PUBLICACIÓN, DISTRIBUCIÓN, FABRICACIÓN Y COPYRIGHT | |
| Nombre del de productor, editor, distribuidor, fabricante | TeNeues |
| Fecha de producción, publicación, distribución, fabricación o copyright | 2001 |
| Producción, publicación, distribución, fabricación y copyright | Italia |
| 300 ## - DESCRIPCIÓN FÍSICA | |
| Extensión | 383 páginas |
| 336 ## - TIPO DE CONTENIDO | |
| Término de tipo de contenido | texto |
| Fuente | rdacontent |
| 337 ## - TIPO DE MEDIO | |
| Nombre/término del tipo de medio | sin medio |
| Fuente | rdamedia |
| 338 ## - TIPO DE SOPORTE | |
| Nombre/término del tipo de soporte | volumen |
| Fuente | rdacarrier |
| 942 ## - ELEMENTOS DE PUNTO DE ACCESO ADICIONAL (KOHA) | |
| Fuente del sistema de clasificación o colocación | Library of Congress Classification |
| Tipo de ítem Koha | |
| Suprimir en OPAC | 1 |
No items available.